000
00249nam a2200097Ia 4500
008
220204s9999 xx 000 0 und d
082
_a
058(540)
_b
IND
245
0
_a
India: A reference annual 1962
260
_a
Delhi
_b
Publications Division
942
_c
BK
999
_c
19787
_d
19787